El príncipe /

Guardado en:
Autor Principal: Machiavelli, Niccolò
Formato: Libro
Publicado: Colombia : Nuevo Siglo, 1994
Etiquetas: Agregar Etiqueta
Sin Etiquetas, Sea el primero en etiquetar este registro!
LEADER 00439nam a22001575a 4500
001 CEM.cems018654
005 20190219160138.0
008 130507s1994##################000#0#####d
003 CEMS
020 |a 9879049225 
082 0 4 |a 321.14 
100 1 |a Machiavelli, Niccolò 
245 1 0 |a El príncipe /  |c Niccolò Machiavelli 
260 |a Colombia :  |b Nuevo Siglo,  |c 1994 
300 |a 158 p. 
859 |a CEMS  |b BIB. CEMS - Agricultura  |h 321.14  |i M184  |p A3184.18  |t Ej.1